00643nam a2200193Ia 4500008004100000020001800041082001600059100002800075245004700103250000800150260004200158300002300200500001900223600003300242650001600275942000700291952013400298999001700432240925s9999 xx 000 0 und d a9788126510474 a519.536 MON aMontgomery, Douglas C. 0aIntroduction to Linear Regression Analysis a3rd aNew Delhi:bJohn Wiley & Sonsc,2018. a572p.b0fOriginal aIncludes Index aHumanities & Natural Science aMathematics cBK 001040708HUMaUITUbUITUd2019-01-19eAllied Book Companyg936.00l0o519.536 MONpQ13635r2024-09-25 07:16:55w2024-09-25yBK c16134d16134